Les meilleurs joueurs sur FIFA 05 - Statistiques

Statistiques générales
  • Ce quiz a été pris 130 fois
  • Le résultat moyen est 16 sur 31
Statistiques - réponses
Note Joueurs Club % Correct
97 Thierry Henry Arsenal
98%
96 Zinédine Zidane Real Madrid
95%
92 Ronaldo Real Madrid
89%
97 Gianluigi Buffon Juventus
84%
93 Ronaldinho FC Barcelone
78%
92 Paolo Maldini AC Milan
68%
92 Kaká AC Milan
66%
94 Patrick Vieira Arsenal
66%
94 Francesco Totti AS Roma
64%
93 Steven Gerrard Liverpool
64%
94 Oliver Kahn Bayern Munich
63%
94 Alessandro Nesta AC Milan
62%
92 Alessandro Del Piero Juventus
60%
94 Iker Casillas Real Madrid
58%
93 Andriy Shevchenko AC Milan
57%
92 Rio Ferdinand Manchester United
54%
92 Ryan Giggs Manchester United
52%
92 Paul Scholes Manchester United
48%
92 Robert Pirès Arsenal
48%
92 David Trezeguet Juventus
46%
92 Adriano Inter Milan
43%
93 Edwin van der Sar Fulham
40%
95 Ruud van Nistelrooy Manchester United
37%
93 Sol Campbell Arsenal
29%
92 Lilian Thuram Juventus
23%
93 Jaap Stam AC Milan
19%
93 Lúcio Bayern Munich
19%
94 Roy Makaay Bayern Munich
11%
92 Pablo Aimar FC Valence
9%
92 Francesco Toldo Inter Milan
5%
93 Marcos Palmeiras
4%
Aucun quiz correspondant
Distribution des résultats
% des personnes avec chaque résultat
Percentile par nombre de réponses
Votre historique - résultats
Vous n’avez pas pris ce quiz